Norwegian Political Parties - Statistics

General Stats
  • This quiz has been taken 49 times
  • The average score is 6 of 10
Answer Stats
Ideology Position Seats Answer % Correct
Social Demoracy Centre left 48 Labour
90%
Socialism Left wing to far left 8 Red
85%
Nordic Agrarianism __________ 28 Centre
79%
___________ politics Centre left 3 Green
74%
Liberal Conservatism Centre right 36 Conservative
69%
Conservative Liberalism Right wing to far right 21 Progress
69%
Social Liberalism Centre 8 Liberal
62%
Democratic Socialism Left wing 13 Socialist Left
51%
Christian democracy Centre to centre right 3 Christian Democratic
36%
Direct democracy Single 1 Patient Focus
23%
No matching quizzes found
Score Distribution
Percent of People with Each Score
Percentile by Number Answered
Your Score History
You have not taken this quiz